|
|
|
|
| LEADER |
00000nam a2200000Ia 4500 |
| 008 |
170919b2000 cr ||||| |||| 00| | spa d |
| 999 |
|
|
|c 968
|d 968
|
| 020 |
|
|
|a 9977251142
|
| 090 |
|
|
|a 04.02.03
|b 857
|
| 100 |
1 |
|
|a Lépiz Ramos, Otto
|9 3189
|
| 245 |
1 |
4 |
|a Una oportunidad para la igualdad: comentarios a la Ley 7600 Igualdad de oportunidades para las personas con discapacidad en Costa Rica /
|c Otto Lépiz Ramos, Rodrigo Jiménez Sandoval
|
| 260 |
|
|
|a San José, Costa Rica :
|b ILANUD : Defensoría de los Habitantes : PNUD,
|c 2000
|
| 300 |
|
|
|a 152 páginas
|
| 650 |
1 |
4 |
|a IGUALDAD DE OPORTUNIDADES
|9 952
|
| 650 |
1 |
4 |
|a LEGISLACIÓN
|9 45
|
| 650 |
1 |
4 |
|a JURISPRUDENCIA
|9 2844
|
| 650 |
1 |
4 |
|a PERSONAS CON DISCAPACIDAD
|9 1369
|
| 700 |
1 |
|
|a Jiménez Sandoval, Rodrigo
|9 2498
|
| 942 |
|
|
|i 001433
|h 04.02.03 857
|2 z
|c 01
|